🎶 Paroles "Frangines" Anne Sylvestre - Statistiques

Statistiques générales
  • Ce quiz a été pris 19 fois
  • Le résultat moyen est 227 sur 349
Statistiques - réponses
Mots % Correct
à
100%
À
100%
a
100%
frangines
100%
Au
90%
et
90%
Et
90%
j'
90%
n'
90%
N'
90%
on
90%
On
90%
Qu'
90%
qu'
90%
aurait
80%
aurait,
80%
C'
80%
c'
80%
de
80%
des
80%
Des
80%
en
80%
En
80%
est
80%
il
80%
Il
80%
je
80%
l'
80%
la
80%
le
80%
les
80%
nous
80%
ou
80%
pas
80%
Pas
80%
pu
80%
Pu
80%
pu,
80%
que
80%
qui
80%
Qui
80%
s'
80%
Si
80%
vous
80%
bien
70%
Ça
70%
Ce
70%
ce
70%
ces
70%
dire
70%
du
70%
était
70%
même
70%
Nos
70%
nos
70%
peu
70%
plus
70%
Pour
70%
pour
70%
se
70%
son
70%
sur
70%
tout
70%
toutes
70%
belles
60%
bonnes
60%
celles
60%
déjà
60%
école
60%
enfants
60%
faire
60%
garçons
60%
grand
60%
hommes
60%
notre
60%
ont
60%
temps
60%
temps !
60%
Tous
60%
Un
60%
une
60%
aussi
50%
aussi,
50%
chignon
50%
choses
50%
dirait
50%
Fallait
50%
fit
50%
gagné
50%
gens
50%
haut
50%
mieux
50%
ose !
50%
parents
50%
perdu
50%
pionnes
50%
pouvait
50%
première
50%
rond !
50%
tard,
50%
toujours
50%
tourner
50%
trouve
50%
Voir
50%
Allez,
40%
assez
40%
assomme,
40%
autant
40%
autre
40%
Avant
40%
barrière
40%
beauté
40%
Blanche-
40%
boutonneux
40%
Bras
40%
Chacune
40%
changer
40%
chat
40%
chien
40%
chiffons
40%
collège
40%
Commença
40%
concurrentes
40%
coude
40%
coude,
40%
crêper
40%
dans
40%
débutants,
40%
dessous,
40%
dessus-
40%
détestait
40%
devant
40%
érigea
40%
exception
40%
fadaises
40%
fallu
40%
fois
40%
fut
40%
grande
40%
imagine
40%
longtemps
40%
Malgré
40%
métiers
40%
notes
40%
planète
40%
quai
40%
redoublantes
40%
regardait
40%
rendez-
40%
rester
40%
retrouvait
40%
rive
40%
soit
40%
suppose,
40%
tableau
40%
vie
40%
accompagner
30%
amènerait
30%
amitiés
30%
arrachait
30%
dehors
30%
Ensuite,
30%
épaule,
30%
épingle,
30%
face
30%
façons
30%
faisaient
30%
fayotte
30%
ferait
30%
Main
30%
monte
30%
Neige
30%
offensive
30%
pareil
30%
pleurait
30%
regardant
30%
tête
30%
Unissant
30%
vingt
30%
voix,
30%
bringue
20%
compte
20%
dépasse
20%
douleur
20%
fabriquait
20%
insultée
20%
montrer
20%
oppose
20%
poussait
20%
Souffre-
20%
sourire
20%
Aucun quiz correspondant
Distribution des résultats
% des personnes avec chaque résultat
Percentile par nombre de réponses
Votre historique - résultats
Vous n’avez pas pris ce quiz